Statistics for Asian city quiz

Click here to take the quiz!

General Stats

  • This quiz has been taken 13 times
  • The average score is 12 of 13

Answer Stats

Hint City % Correct
Most populated city in the United Arab EmiratesDubai
100%
City named after the first leader of VietnamHo Chi Minh City
100%
Former British colony that now belongs to ChinaHong Kong
100%
Capital of IndonesiaJakarta
100%
Divided city by Israel and PalestineJerusalem
100%
Indian beach city, used to be called BombayMumbai
100%
Capital of South KoreaSeoul
100%
Most populated city in the worldTokyo
100%
Capital of QatarDoha
90%
Former capital of BurmaYangon
90%
Has the busiest airport in AsiaBeijing
80%
City state that borders MalaysiaSingapore
80%
Hosted the Winter Olympics in 2018Pyeongchang
40%

Score Distribution

Percentile by Number Answered

Percent of People with Each Score

Your Score History

You have not taken this quiz